[Event "RM-2021-0-00248"]
[Site "LSS email"]
[Date "2021.12.08"]
[Round "?"]
[White "Langeveld, Michel"]
[Black "Khlopov, Sergej"]
[Result "1/2-1/2"]
[WhiteElo "2321"]
[BlackElo "2318"]
[PlyCount "58"]
[EventDate "2021.08.31"]
[EventType "tourn (corr)"]
[EventRounds "6"]
[EventCountry "GER"]
[SourceTitle "Corr 2024"]
[Source "ChessBase"]
[SourceDate "2023.10.19"]
[SourceVersion "1"]
[SourceVersionDate "2023.10.19"]
[SourceQuality "1"]

1. e4 c5 2. Nf3 d6 3. d4 cxd4 4. Nxd4 Nf6 5. Nc3 a6 6. Bg5 e6 7. f4 Qb6 8. Nb3 Be7 9. Qd2 Nbd7 10. 0-0-0 Qc7 11. Bxf6 Nxf6 12. g4 h6 13. Kb1 Bd7 14. Qe2 0-0-0 15. Bg2 Bc6 16. f5 Kb8 17. Nd4 Bd7 18. a3 Ng8 19. Nf3 Nf6 20. Nd4 Qb6 21. Nb3 Rc8 22. Rd4 Rxc3 23. bxc3 e5 24. Rb4 Qc7 25. Qxa6 d5 26. Rb6 Bd8 27. Rb4 Be7 28. Rb6 Bd8 29. Rb4 Be7 1/2-1/2

[Event "RM-2021-0-00248"]
[Site "LSS email"]
[Date "2021.12.07"]
[Round "?"]
[White "Cirulis, Ilmars"]
[Black "Khlopov, Sergej"]
[Result "1/2-1/2"]
[WhiteElo "2296"]
[BlackElo "2318"]
[PlyCount "45"]
[EventDate "2021.08.31"]
[EventType "tourn (corr)"]
[EventRounds "6"]
[EventCountry "GER"]
[SourceTitle "Corr 2024"]
[Source "ChessBase"]
[SourceDate "2023.10.19"]
[SourceVersion "1"]
[SourceVersionDate "2023.10.19"]
[SourceQuality "1"]

1. e4 e5 2. Nf3 Nc6 3. Bb5 a6 4. Ba4 Nf6 5. 0-0 Be7 6. Re1 b5 7. Bb3 0-0 8. a4 Bb7 9. d3 d6 10. Nbd2 Nb8 11. axb5 axb5 12. Rxa8 Bxa8 13. Nf1 c5 14. h3 Qc7 15. Ne3 c4 16. dxc4 bxc4 17. Nxc4 Nxe4 18. Ne3 Nd7 19. Nf5 Bd8 20. Nh2 Kh8 21. Ng4 g6 22. Nfe3 Nef6 23. Nxf6 1/2-1/2

[Event "SM-2021-0-00454"]
[Site "LSS email"]
[Date "2021.11.26"]
[Round "?"]
[White "Hughes, Stephen J"]
[Black "Khlopov, Sergej"]
[Result "1/2-1/2"]
[WhiteElo "2290"]
[BlackElo "2318"]
[PlyCount "65"]
[EventDate "2021.08.16"]
[EventType "tourn (corr)"]
[EventRounds "6"]
[EventCountry "GER"]
[SourceTitle "Corr 2024"]
[Source "ChessBase"]
[SourceDate "2023.10.19"]
[SourceVersion "1"]
[SourceVersionDate "2023.10.19"]
[SourceQuality "1"]

1. e4 c5 2. Nf3 d6 3. d4 cxd4 4. Nxd4 Nf6 5. Nc3 a6 6. Be3 e5 7. Nb3 Be6 8. f3 h5 9. Be2 Nbd7 10. f4 Qc7 11. h3 Be7 12. 0-0 b5 13. a3 0-0 14. Kh1 Rad8 15. f5 Bxb3 16. cxb3 Nc5 17. Bf3 d5 18. Nxd5 Nxd5 19. exd5 e4 20. f6 exf3 21. Qxf3 Bxf6 22. Rac1 Bxb2 23. Rxc5 Qe7 24. a4 bxa4 25. bxa4 Ba3 26. Rc6 Qe5 27. Rd1 Bd6 28. Bg1 a5 29. Qe3 Qxe3 30. Bxe3 Rd7 31. Bc5 Bxc5 32. Rxc5 Ra8 33. Rd4 1/2-1/2

[Event "SM-2021-0-00454"]
[Site "LSS email"]
[Date "2021.11.23"]
[Round "?"]
[White "Danzanvilliers, Patrice"]
[Black "Khlopov, Sergej"]
[Result "1/2-1/2"]
[WhiteElo "2271"]
[BlackElo "2318"]
[PlyCount "37"]
[EventDate "2021.08.16"]
[EventType "tourn (corr)"]
[EventRounds "6"]
[EventCountry "GER"]
[SourceTitle "Corr 2024"]
[Source "ChessBase"]
[SourceDate "2023.10.19"]
[SourceVersion "1"]
[SourceVersionDate "2023.10.19"]
[SourceQuality "1"]

1. e4 c6 2. d4 d5 3. Nc3 dxe4 4. Nxe4 Nf6 5. Ng3 h5 6. h4 c5 7. Nf3 Bg4 8. c3 cxd4 9. Qxd4 Nc6 10. Qa4 e6 11. Bb5 Qc7 12. Bf4 Bd6 13. Bxd6 Qxd6 14. Ne4 Nxe4 15. Qxe4 Rd8 16. 0-0 0-0 17. Bxc6 Bxf3 18. Qxf3 Qxc6 19. Qxc6 1/2-1/2

[Event "RM-2021-0-00247"]
[Site "LSS email"]
[Date "2021.11.19"]
[Round "?"]
[White "Cirulis, Ilmars"]
[Black "Khlopov, Sergej"]
[Result "1/2-1/2"]
[WhiteElo "2293"]
[BlackElo "2318"]
[PlyCount "49"]
[EventDate "2021.08.05"]
[EventType "tourn (corr)"]
[EventRounds "6"]
[EventCountry "GER"]
[SourceTitle "Corr 2024"]
[Source "ChessBase"]
[SourceDate "2023.10.19"]
[SourceVersion "1"]
[SourceVersionDate "2023.10.19"]
[SourceQuality "1"]

1. d4 d5 2. Nc3 Nf6 3. Bf4 a6 4. e3 Bf5 5. Nf3 e6 6. Ne5 Nfd7 7. g4 Bg6 8. Nxg6 hxg6 9. e4 Nf6 10. Bg2 Bb4 11. exd5 Nxd5 12. Bd2 c6 13. Ne2 Bxd2+ 14. Qxd2 Nd7 15. c4 Ne7 16. 0-0-0 b5 17. c5 Nf6 18. Bf3 a5 19. h4 Nfd5 20. Ng3 a4 21. Ne4 Qa5 22. Qxa5 Rxa5 23. Nd6+ Kf8 24. a3 Ra8 25. Kc2 1/2-1/2

[Event "SM-2021-0-00452"]
[Site "LSS email"]
[Date "2021.11.01"]
[Round "?"]
[White "Giuliani, Carlo"]
[Black "Khlopov, Sergej"]
[Result "1/2-1/2"]
[WhiteElo "2300"]
[BlackElo "2320"]
[PlyCount "55"]
[EventDate "2021.07.08"]
[EventType "tourn (corr)"]
[EventRounds "6"]
[EventCountry "GER"]
[SourceTitle "Corr 2024"]
[Source "ChessBase"]
[SourceDate "2023.10.19"]
[SourceVersion "1"]
[SourceVersionDate "2023.10.19"]
[SourceQuality "1"]

1. e4 c5 2. Nf3 d6 3. d4 cxd4 4. Nxd4 Nf6 5. Nc3 a6 6. Bc4 e6 7. Bb3 Nbd7 8. f4 Nc5 9. e5 Nfd7 10. exd6 Nf6 11. Be3 Bxd6 12. Qf3 0-0 13. 0-0-0 Qc7 14. Kb1 Nxb3 15. axb3 Bd7 16. g4 Rfe8 17. Rhg1 Rac8 18. g5 Nd5 19. Nxd5 exd5 20. f5 g6 21. fxg6 hxg6 22. Rgf1 Bf5 23. Nxf5 Qxc2+ 24. Ka2 Qxf5 25. Qxf5 gxf5 26. Rxd5 Rxe3 27. Rxd6 Rc5 28. Rb6 1/2-1/2

[Event "SM-2021-0-00451"]
[Site "LSS email"]
[Date "2021.10.11"]
[Round "?"]
[White "Cvak, Rudolf"]
[Black "Khlopov, Sergej"]
[Result "1/2-1/2"]
[WhiteElo "2321"]
[BlackElo "2320"]
[PlyCount "53"]
[EventDate "2021.06.29"]
[EventType "tourn (corr)"]
[EventRounds "6"]
[EventCountry "GER"]
[SourceTitle "Corr 2024"]
[Source "ChessBase"]
[SourceDate "2023.10.19"]
[SourceVersion "1"]
[SourceVersionDate "2023.10.19"]
[SourceQuality "1"]

1. e4 c5 2. Nf3 d6 3. d4 cxd4 4. Nxd4 Nf6 5. Nc3 a6 6. h3 e6 7. g4 h6 8. Bg2 Be7 9. Qd3 Nc6 10. Nxc6 bxc6 11. e5 Nd5 12. exd6 Bxd6 13. 0-0 0-0 14. Ne4 Bc7 15. c4 f5 16. Ng3 Nb4 17. Qc3 a5 18. a3 fxg4 19. hxg4 Nd3 20. Rd1 Bxg3 21. fxg3 Qb6+ 22. c5 Qxc5+ 23. Qxc5 Nxc5 24. Be3 Nb3 25. Rab1 Ba6 26. Bxc6 Rad8 27. Rxd8 1/2-1/2